Top Ten Most Populated Countries In Asia - Statistics

General Stats
  • This quiz has been taken 33 times
  • The average score is 9 of 10
Answer Stats
Population Countries % Correct
1,425,671,352 China
100%
1,428,627,663 India
100%
123,294,513 Japan
97%
277,534,322 Indonesia
93%
240,485,658 Pakistan
90%
89,172,767 Iran
87%
172,954,319 Bangladesh
83%
98,858,950 Vietnam
83%
117,337,368 Philippines
80%
85,816,199 Türkiye
73%
No matching quizzes found
Score Distribution
Percent of People with Each Score
Percentile by Number Answered
Your Score History
You have not taken this quiz